[Event "DEM U12 2023"]
[Site "Willingen GER"]
[Date "2023.06.02"]
[Round "8"]
[White "Rodriguez Klasen, Ennio"]
[Black "Aweh, Mads"]
[Result "1/2-1/2"]
[Termination "normal"]
[Board "17"]
[WhiteElo "1526"]
[BlackElo "1429"]
[WhiteClock "00:17:36"]
[BlackClock "00:48:56"]
[PlyCount "115"]
[WhiteFideId "16277414"]
[BlackFideId "34604278"]
[EventCountry "GER"]
[EventRounds "9"]
[EventType "swiss"]
[EventDate "2023.05.27"]

1. e4 {[%clk 01:30:54]} {[%emt 00:00:06]} c5 {[%clk 01:30:29]} {[%emt
00:00:32]} 2. Nc3 {[%clk 01:31:10]} {[%emt 00:00:13]} Nc6 {[%clk 01:30:39]}
{[%emt 00:00:21]} 3. g3 {[%clk 01:31:11]} {[%emt 00:00:29]} Nf6 {[%clk
01:29:41]} {[%emt 00:01:28]} 4. Bg2 {[%clk 01:31:03]} {[%emt 00:00:38]} d6
{[%clk 01:29:20]} {[%emt 00:00:52]} 5. d3 {[%clk 01:29:53]} {[%emt 00:01:39]}
g6 {[%clk 01:28:49]} {[%emt 00:01:01]} 6. h3 {[%clk 01:29:02]} {[%emt
00:01:21]} Bg7 {[%clk 01:28:14]} {[%emt 00:01:05]} 7. Be3 {[%clk 01:29:07]}
{[%emt 00:00:25]} Bd7 {[%clk 01:27:42]} {[%emt 00:01:02]} 8. Qd2 {[%clk
01:29:15]} {[%emt 00:00:22]} O-O {[%clk 01:27:14]} {[%emt 00:00:58]} 9. Bh6
{[%clk 01:29:10]} {[%emt 00:00:35]} Nd4 {[%clk 01:27:12]} {[%emt 00:00:33]} 10.
Bxg7 {[%clk 01:29:09]} {[%emt 00:00:30]} Kxg7 {[%clk 01:27:35]} {[%emt
00:00:08]} 11. Nd1 {[%clk 01:28:06]} {[%emt 00:01:32]} e5 {[%clk 01:25:59]}
{[%emt 00:02:06]} 12. c3 {[%clk 01:28:13]} {[%emt 00:00:23]} Ne6 {[%clk
01:26:14]} {[%emt 00:00:15]} 13. Ne2 {[%clk 01:27:29]} {[%emt 00:01:14]} b5
{[%emt 00:05:09]} 14. Ne3 {[%clk 01:21:38]} {[%emt 00:05:52]} a5 {[%clk
01:17:34]} {[%emt 00:05:01]} 15. f4 {[%clk 01:14:36]} {[%emt 00:07:32]} Qb6
{[%clk 01:11:47]} {[%emt 00:06:17]} 16. f5 {[%clk 01:04:40]} {[%emt 00:10:25]}
Nc7 {[%clk 01:12:00]} {[%emt 00:00:18]} 17. Ng4 {[%clk 01:00:26]} {[%emt
00:04:43]} Ng8 {[%clk 00:59:33]} {[%emt 00:12:57]} 18. f6+ {[%clk 00:52:02]}
{[%emt 00:08:55]} Kh8 {[%clk 00:59:56]} {[%emt 00:00:07]} 19. Qg5 {[%clk
00:36:26]} {[%emt 00:16:05]} Ne6 {[%clk 00:53:17]} {[%emt 00:07:09]} 20. Qh4
{[%clk 00:33:38]} {[%emt 00:03:17]} Rfb8 {[%clk 00:41:43]} {[%emt 00:12:06]}
21. Nh6 {[%clk 00:31:07]} {[%emt 00:02:59]} Nxh6 {[%clk 00:41:39]} {[%emt
00:00:35]} 22. Qxh6 {[%clk 00:31:23]} {[%emt 00:00:14]} Qd8 {[%clk 00:42:04]}
{[%emt 00:00:05]} 23. O-O {[%clk 00:30:28]} {[%emt 00:01:25]} b4 {[%clk
00:40:29]} {[%emt 00:02:05]} 24. b3 {[%clk 00:22:13]} {[%emt 00:08:44]} Bb5
{[%clk 00:36:54]} {[%emt 00:04:05]} 25. c4 {[%clk 00:21:56]} {[%emt 00:00:48]}
Bd7 {[%clk 00:36:52]} {[%emt 00:00:31]} 26. h4 {[%clk 00:17:57]} {[%emt
00:04:29]} Qf8 {[%clk 00:34:38]} {[%emt 00:02:44]} 27. Qd2 {[%clk 00:16:41]}
{[%emt 00:01:46]} h5 {[%clk 00:34:30]} {[%emt 00:00:38]} 28. Bh3 {[%clk
00:16:11]} {[%emt 00:00:59]} Kh7 {[%clk 00:34:45]} {[%emt 00:00:15]} 29. Bxe6
{[%clk 00:11:16]} {[%emt 00:05:26]} Bxe6 {[%clk 00:35:09]} {[%emt 00:00:06]}
30. Kg2 {[%clk 00:08:42]} {[%emt 00:03:03]} Qh6 {[%clk 00:33:32]} {[%emt
00:02:07]} 31. Qxh6+ {[%clk 00:08:28]} {[%emt 00:00:44]} Kxh6 {[%clk 00:33:56]}
{[%emt 00:00:06]} 32. Ng1 {[%clk 00:05:48]} {[%emt 00:03:10]} Bg4 {[%clk
00:32:55]} {[%emt 00:01:31]} 33. Nf3 {[%clk 00:04:49]} {[%emt 00:01:29]} Bxf3+
{[%clk 00:32:01]} {[%emt 00:01:24]} 34. Kxf3 {[%clk 00:04:46]} {[%emt
00:00:33]} a4 {[%clk 00:27:48]} {[%emt 00:04:44]} 35. Ke3 {[%clk 00:01:45]}
{[%emt 00:03:31]} axb3 {[%clk 00:25:25]} {[%emt 00:02:53]} 36. axb3 {[%clk
00:02:06]} {[%emt 00:00:10]} Ra3 {[%clk 00:25:47]} {[%emt 00:00:08]} 37. Rab1
{[%clk 00:01:25]} {[%emt 00:01:11]} Rba8 {[%clk 00:24:52]} {[%emt 00:01:25]}
38. Rb2 {[%clk 00:01:13]} {[%emt 00:00:42]} Kh7 {[%clk 00:24:22]} {[%emt
00:01:01]} 39. Kd2 {[%clk 00:00:34]} {[%emt 00:01:09]} Ra2 {[%clk 00:24:14]}
{[%emt 00:00:38]} 40. Kc2 {[%clk 00:00:49]} {[%emt 00:00:14]} Kg8 {[%clk
00:24:13]} {[%emt 00:00:30]} 41. Rfb1 {[%clk 00:29:31]} {[%emt 00:01:48]} Kf8
{[%clk 00:54:30]} {[%emt 00:00:13]} 42. Rxa2 {[%clk 00:28:16]} {[%emt
00:01:45]} Rxa2+ {[%clk 00:54:55]} {[%emt 00:00:05]} 43. Rb2 {[%clk 00:28:08]}
{[%emt 00:00:38]} Rxb2+ {[%clk 00:55:20]} {[%emt 00:00:06]} 44. Kxb2 {[%clk
00:28:32]} {[%emt 00:00:05]} Ke8 {[%clk 00:55:45]} {[%emt 00:00:05]} 45. Kc2
{[%clk 00:28:47]} {[%emt 00:00:16]} Kd7 {[%clk 00:56:10]} {[%emt 00:00:05]} 46.
Kd2 {[%clk 00:28:51]} {[%emt 00:00:25]} Ke6 {[%clk 00:56:31]} {[%emt 00:00:09]}
47. Ke3 {[%clk 00:29:15]} {[%emt 00:00:06]} Kxf6 {[%clk 00:56:56]} {[%emt
00:00:06]} 48. Kf3 {[%clk 00:27:37]} {[%emt 00:02:07]} g5 {[%clk 00:55:57]}
{[%emt 00:01:28]} 49. Kf2 {[%clk 00:22:50]} {[%emt 00:05:18]} Kg6 {[%clk
00:54:29]} {[%emt 00:01:59]} 50. Ke3 {[%clk 00:18:59]} {[%emt 00:04:20]} f5
{[%clk 00:49:28]} {[%emt 00:05:31]} 51. exf5+ {[%clk 00:17:41]} {[%emt
00:01:48]} Kxf5 {[%clk 00:49:41]} {[%emt 00:00:17]} 52. Kf3 {[%clk 00:17:58]}
{[%emt 00:00:13]} g4+ {[%clk 00:49:33]} {[%emt 00:00:38]} 53. Ke3 {[%clk
00:17:43]} {[%emt 00:00:46]} Kf6 {[%clk 00:49:20]} {[%emt 00:00:42]} 54. Ke2
{[%clk 00:16:57]} {[%emt 00:01:16]} Ke6 {[%clk 00:49:20]} {[%emt 00:00:30]} 55.
Kd2 {[%clk 00:17:06]} {[%emt 00:00:20]} d5 {[%clk 00:49:07]} {[%emt 00:00:44]}
56. cxd5+ {[%clk 00:17:24]} {[%emt 00:00:12]} Kxd5 {[%clk 00:49:28]} {[%emt
00:00:09]} 57. Ke3 {[%clk 00:17:50]} {[%emt 00:00:04]} Kd6 {[%clk 00:48:56]}
{[%emt 00:01:02]} 58. Kd2 {[%clk 00:17:36]} {[%emt 00:00:44]} 1/2-1/2

[Event "DEM U12 2023"]
[Site "Willingen GER"]
[Date "2023.06.02"]
[Round "8"]
[White "Lee, Ho In"]
[Black "Wang, Kaiwen"]
[Result "0-1"]
[Termination "normal"]
[Board "18"]
[WhiteElo "1492"]
[BlackElo "1333"]
[WhiteClock "00:01:22"]
[BlackClock "00:18:44"]
[PlyCount "80"]
[WhiteFideId "34623655"]
[BlackFideId "16279514"]
[EventCountry "GER"]
[EventRounds "9"]
[EventType "swiss"]
[EventDate "2023.05.27"]

1. e4 {[%clk 01:30:58]} {[%emt 00:00:02]} e5 {[%clk 01:30:56]} {[%emt
00:00:04]} 2. Nf3 {[%clk 01:31:22]} {[%emt 00:00:05]} Nc6 {[%clk 01:31:23]}
{[%emt 00:00:04]} 3. Bc4 {[%clk 01:31:48]} {[%emt 00:00:04]} Bc5 {[%clk
01:31:47]} {[%emt 00:00:06]} 4. c3 {[%clk 01:32:11]} {[%emt 00:00:07]} Nf6
{[%clk 01:32:11]} {[%emt 00:00:05]} 5. d4 {[%clk 01:32:38]} {[%emt 00:00:04]}
exd4 {[%clk 01:32:35]} {[%emt 00:00:06]} 6. e5 {[%clk 01:33:04]} {[%emt
00:00:04]} d5 {[%clk 01:32:59]} {[%emt 00:00:06]} 7. Bb5 {[%clk 01:33:30]}
{[%emt 00:00:04]} Ne4 {[%clk 01:33:22]} {[%emt 00:00:06]} 8. cxd4 {[%emt
00:00:10]} Bb6 {[%clk 01:33:49]} {[%emt 00:00:02]} 9. Nc3 {[%clk 01:34:11]}
{[%emt 00:00:12]} Bg4 {[%clk 01:33:52]} {[%emt 00:00:28]} 10. Be3 {[%clk
01:34:29]} {[%emt 00:00:11]} O-O {[%clk 01:33:47]} {[%emt 00:00:34]} 11. O-O
{[%clk 01:34:16]} {[%emt 00:00:44]} f6 {[%clk 01:33:44]} {[%emt 00:00:33]} 12.
Bxc6 {[%clk 01:33:41]} {[%emt 00:01:06]} bxc6 {[%clk 01:34:07]} {[%emt
00:00:07]} 13. h3 {[%clk 01:34:05]} {[%emt 00:00:05]} Bh5 {[%clk 01:34:25]}
{[%emt 00:00:11]} 14. g4 {[%clk 01:30:40]} {[%emt 00:03:56]} Nxc3 {[%clk
01:32:38]} {[%emt 00:02:18]} 15. bxc3 {[%clk 01:31:03]} {[%emt 00:00:07]} Bf7
{[%clk 01:32:17]} {[%emt 00:00:50]} 16. Qd2 {[%clk 01:29:27]} {[%emt 00:02:06]}
Be6 {[%clk 01:30:28]} {[%emt 00:02:20]} 17. exf6 {[%clk 01:26:52]} {[%emt
00:03:05]} gxf6 {[%clk 01:25:27]} {[%emt 00:05:30]} 18. Bh6 {[%clk 01:21:59]}
{[%emt 00:05:22]} Rf7 {[%clk 01:24:58]} {[%emt 00:00:59]} 19. Rae1 {[%clk
01:22:21]} {[%emt 00:00:09]} Qd7 {[%clk 01:24:41]} {[%emt 00:00:43]} 20. Kh2
{[%clk 01:21:10]} {[%emt 00:01:45]} Kh8 {[%clk 01:23:38]} {[%emt 00:01:33]} 21.
Rg1 {[%clk 01:18:33]} {[%emt 00:03:07]} Rg8 {[%clk 01:21:42]} {[%emt 00:02:26]}
22. Rg3 {[%clk 01:09:23]} {[%emt 00:09:39]} c5 {[%clk 01:13:39]} {[%emt
00:08:34]} 23. g5 {[%clk 00:56:46]} {[%emt 00:13:07]} cxd4 {[%clk 01:09:18]}
{[%emt 00:04:50]} 24. cxd4 {[%clk 00:55:25]} {[%emt 00:01:51]} Qd6 {[%clk
01:05:22]} {[%emt 00:04:23]} 25. Qe3 {[%clk 00:48:03]} {[%emt 00:07:56]} Bd7
{[%clk 00:44:06]} {[%emt 00:21:46]} 26. h4 {[%clk 00:28:01]} {[%emt 00:20:31]}
Ba5 {[%clk 00:41:32]} {[%emt 00:03:05]} 27. Reg1 {[%clk 00:19:26]} {[%emt
00:09:04]} c5 {[%clk 00:27:57]} {[%emt 00:14:06]} 28. Kh1 {[%clk 00:09:24]}
{[%emt 00:10:31]} cxd4 {[%clk 00:27:54]} {[%emt 00:00:34]} 29. Qxd4 {[%clk
00:09:36]} {[%emt 00:00:18]} Bb6 {[%clk 00:27:41]} {[%emt 00:00:43]} 30. Qb2
{[%clk 00:09:22]} {[%emt 00:00:44]} d4 {[%clk 00:22:30]} {[%emt 00:05:41]} 31.
gxf6 {[%clk 00:03:05]} {[%emt 00:06:47]} Rxg3 {[%clk 00:22:25]} {[%emt
00:00:35]} 32. Rxg3 {[%clk 00:03:31]} {[%emt 00:00:04]} Qxf6 {[%clk 00:22:21]}
{[%emt 00:00:33]} 33. Bg5 {[%clk 00:02:32]} {[%emt 00:01:30]} Qc6 {[%clk
00:21:35]} {[%emt 00:01:11]} 34. Qb3 {[%clk 00:00:54]} {[%emt 00:02:13]} Be6
{[%clk 00:21:38]} {[%emt 00:00:25]} 35. Qd3 {[%clk 00:00:50]} {[%emt 00:00:35]}
Bd5 {[%clk 00:19:02]} {[%emt 00:03:04]} 36. Kg2 {[%clk 00:01:05]} {[%emt
00:00:17]} Be4 {[%clk 00:18:13]} {[%emt 00:01:19]} 37. Qb3 {[%clk 00:01:26]}
{[%emt 00:00:10]} Qd5 {[%clk 00:18:27]} {[%emt 00:00:15]} 38. Qxd5 {[%clk
00:01:30]} {[%emt 00:00:27]} Bxd5 {[%clk 00:18:45]} {[%emt 00:00:12]} 39. a3
{[%clk 00:01:57]} {[%emt 00:00:04]} Ba5 {[%clk 00:18:35]} {[%emt 00:00:40]} 40.
Bc1 {[%clk 00:01:22]} {[%emt 00:01:05]} Bc3 {[%clk 00:18:44]} {[%emt 00:00:20]}
0-1

[Event "DEM U12 2023"]
[Site "Willingen GER"]
[Date "2023.06.02"]
[Round "8"]
[White "Deiringer, Julius"]
[Black "Tomi, Emilian"]
[Result "1-0"]
[Termination "normal"]
[Board "19"]
[WhiteElo "1742"]
[BlackElo "1552"]
[WhiteClock "00:50:39"]
[BlackClock "00:59:28"]
[PlyCount "25"]
[WhiteFideId "16267010"]
[BlackFideId "34651829"]
[EventCountry "GER"]
[EventRounds "9"]
[EventType "swiss"]
[EventDate "2023.05.27"]

1. e4 {[%clk 01:30:58]} {[%emt 00:00:01]} c5 {[%clk 01:30:57]} {[%emt
00:00:04]} 2. Nf3 {[%clk 01:31:23]} {[%emt 00:00:04]} Nc6 {[%clk 01:31:23]}
{[%emt 00:00:04]} 3. Bb5 {[%clk 01:31:09]} {[%emt 00:00:44]} g6 {[%clk
01:31:38]} {[%emt 00:00:15]} 4. c3 {[%clk 01:29:29]} {[%emt 00:02:09]} d5
{[%clk 01:30:48]} {[%emt 00:01:21]} 5. Qa4 {[%clk 01:21:07]} {[%emt 00:08:52]}
Qd6 {[%clk 01:25:01]} {[%emt 00:06:17]} 6. e5 {[%clk 01:16:07]} {[%emt
00:05:29]} Qc7 {[%clk 01:24:36]} {[%emt 00:00:55]} 7. O-O {[%clk 01:14:24]}
{[%emt 00:02:13]} Bg7 {[%clk 01:18:58]} {[%emt 00:06:09]} 8. d4 {[%clk
01:09:41]} {[%emt 00:05:12]} cxd4 {[%clk 01:07:27]} {[%emt 00:12:02]} 9. cxd4
{[%clk 00:59:18]} {[%emt 00:10:52]} Bd7 {[%clk 01:04:47]} {[%emt 00:03:11]} 10.
Bf4 {[%clk 00:54:38]} {[%emt 00:05:10]} e6 {[%clk 01:04:51]} {[%emt 00:00:27]}
11. Nbd2 {[%clk 00:54:05]} {[%emt 00:01:02]} Nge7 {[%clk 01:02:59]} {[%emt
00:02:22]} 12. Bg5 {[%clk 00:51:24]} {[%emt 00:03:10]} O-O {[%clk 00:59:28]}
{[%emt 00:04:00]} 13. Bxe7 {[%clk 00:50:39]} {[%emt 00:01:15]} 1-0

[Event "DEM U12 2023"]
[Site "Willingen GER"]
[Date "2023.06.02"]
[Round "8"]
[White "Dodul, Arthur"]
[Black "Geschke, David"]
[Result "1-0"]
[Termination "normal"]
[Board "20"]
[WhiteElo "1613"]
[BlackElo "1458"]
[WhiteClock "00:11:35"]
[BlackClock "00:36:06"]
[PlyCount "77"]
[WhiteFideId "34609016"]
[BlackFideId "34619658"]
[EventCountry "GER"]
[EventRounds "9"]
[EventType "swiss"]
[EventDate "2023.05.27"]

1. e4 {[%clk 01:30:56]} {[%emt 00:00:02]} e5 {[%clk 01:30:55]} {[%emt
00:00:06]} 2. Nf3 {[%clk 01:31:21]} {[%emt 00:00:05]} Nc6 {[%clk 01:31:20]}
{[%emt 00:00:05]} 3. Nc3 {[%clk 01:31:46]} {[%emt 00:00:05]} Nf6 {[%clk
01:31:35]} {[%emt 00:00:14]} 4. a3 {[%clk 01:32:11]} {[%emt 00:00:07]} d6
{[%clk 01:29:36]} {[%emt 00:02:29]} 5. d4 {[%clk 01:31:33]} {[%emt 00:01:08]}
Bg4 {[%clk 01:28:54]} {[%emt 00:01:10]} 6. Bb5 {[%clk 01:31:06]} {[%emt
00:00:58]} exd4 {[%clk 01:23:30]} {[%emt 00:05:55]} 7. Qxd4 {[%clk 01:31:18]}
{[%emt 00:00:16]} Bd7 {[%clk 01:20:58]} {[%emt 00:03:03]} 8. Bxc6 {[%clk
01:25:19]} {[%emt 00:06:30]} Bxc6 {[%clk 01:20:25]} {[%emt 00:01:03]} 9. O-O
{[%clk 01:24:50]} {[%emt 00:00:58]} Be7 {[%clk 01:20:17]} {[%emt 00:00:38]} 10.
b4 {[%clk 01:24:02]} {[%emt 00:01:19]} a6 {[%clk 01:18:16]} {[%emt 00:02:32]}
11. Bb2 {[%clk 01:17:15]} {[%emt 00:07:16]} O-O {[%clk 01:15:41]} {[%emt
00:03:04]} 12. Nd5 {[%clk 01:15:30]} {[%emt 00:02:15]} Re8 {[%clk 01:13:08]}
{[%emt 00:03:05]} 13. Rfe1 {[%clk 01:11:50]} {[%emt 00:04:09]} h6 {[%clk
01:10:14]} {[%emt 00:03:24]} 14. Rad1 {[%clk 01:09:04]} {[%emt 00:03:10]} Bxd5
{[%clk 01:08:07]} {[%emt 00:02:43]} 15. exd5 {[%clk 01:09:24]} {[%emt
00:00:11]} Bf8 {[%emt 00:09:55]} 16. c4 {[%clk 01:01:26]} Qd7 {[%clk 01:04:17]}
{[%emt 00:03:21]} 17. Qh4 {[%clk 00:54:48]} {[%emt 00:07:04]} Be7 {[%clk
01:02:32]} {[%emt 00:02:20]} 18. Qd4 {[%clk 00:50:37]} {[%emt 00:04:41]} Bf8
{[%clk 00:59:02]} {[%emt 00:04:00]} 19. h3 {[%clk 00:46:50]} {[%emt 00:04:17]}
Qf5 {[%clk 00:54:51]} {[%emt 00:04:40]} 20. Qh4 {[%clk 00:41:29]} {[%emt
00:05:48]} Be7 {[%clk 00:54:06]} {[%emt 00:01:18]} 21. Nd4 {[%clk 00:39:32]}
{[%emt 00:02:25]} Qg6 {[%clk 00:53:03]} {[%emt 00:01:26]} 22. Qf4 {[%clk
00:39:08]} {[%emt 00:01:02]} Nd7 {[%clk 00:52:40]} {[%emt 00:00:55]} 23. Nf5
{[%clk 00:30:42]} {[%emt 00:08:52]} Bf6 {[%clk 00:50:52]} {[%emt 00:02:21]} 24.
Bxf6 {[%clk 00:29:45]} {[%emt 00:01:27]} Qxf6 {[%clk 00:50:17]} {[%emt
00:01:06]} 25. Re3 {[%clk 00:23:21]} {[%emt 00:06:52]} Rxe3 {[%clk 00:48:42]}
{[%emt 00:02:07]} 26. fxe3 {[%clk 00:23:40]} {[%emt 00:00:11]} Re8 {[%clk
00:48:32]} {[%emt 00:00:39]} 27. Rf1 {[%clk 00:22:47]} {[%emt 00:01:20]} Kf8
{[%clk 00:45:35]} {[%emt 00:03:25]} 28. c5 {[%clk 00:16:25]} {[%emt 00:06:57]}
Ne5 {[%clk 00:41:21]} {[%emt 00:04:42]} 29. cxd6 {[%clk 00:15:29]} {[%emt
00:01:28]} cxd6 {[%clk 00:41:34]} {[%emt 00:00:17]} 30. Qg3 {[%clk 00:14:16]}
{[%emt 00:01:38]} Rd8 {[%clk 00:37:25]} {[%emt 00:04:43]} 31. Nd4 {[%clk
00:13:45]} {[%emt 00:00:58]} Qe7 {[%clk 00:34:34]} {[%emt 00:03:23]} 32. Ne6+
{[%clk 00:13:59]} {[%emt 00:00:17]} Ke8 {[%clk 00:34:32]} {[%emt 00:00:30]} 33.
Nxd8 {[%clk 00:13:30]} {[%emt 00:01:01]} Qxd8 {[%clk 00:34:20]} {[%emt
00:00:41]} 34. Qxg7 {[%clk 00:13:45]} {[%emt 00:00:15]} Qh4 {[%clk 00:34:43]}
{[%emt 00:00:06]} 35. Qg8+ {[%clk 00:12:35]} {[%emt 00:01:42]} Ke7 {[%clk
00:35:03]} {[%emt 00:00:09]} 36. Qc8 {[%clk 00:11:55]} {[%emt 00:01:07]} Qg3
{[%clk 00:35:25]} {[%emt 00:00:12]} 37. Qxb7+ {[%clk 00:11:36]} {[%emt
00:00:48]} Kf8 {[%clk 00:35:46]} {[%emt 00:00:10]} 38. Qxa6 {[%clk 00:11:17]}
{[%emt 00:00:49]} Qxe3+ {[%clk 00:36:06]} {[%emt 00:00:11]} 39. Kh1 {[%clk
00:11:35]} {[%emt 00:00:07]} 1-0

[Event "DEM U12 2023"]
[Site "Willingen GER"]
[Date "2023.06.02"]
[Round "8"]
[White "Berndt, Ronson"]
[Black "Shevchenko, Igor"]
[Result "0-1"]
[Termination "normal"]
[Board "21"]
[WhiteElo "1475"]
[BlackElo "1432"]
[WhiteClock "00:09:58"]
[BlackClock "00:49:03"]
[PlyCount "68"]
[WhiteFideId "34618694"]
[BlackFideId "34634924"]
[EventCountry "GER"]
[EventRounds "9"]
[EventType "swiss"]
[EventDate "2023.05.27"]

1. d4 {[%clk 01:30:58]} {[%emt 00:00:02]} d5 {[%emt 00:01:23]} 2. c4 {[%clk
01:31:13]} e6 {[%clk 01:30:15]} {[%emt 00:00:08]} 3. Nc3 {[%clk 01:31:16]}
{[%emt 00:00:27]} Nf6 {[%clk 01:30:25]} {[%emt 00:00:20]} 4. Bg5 {[%clk
01:30:52]} {[%emt 00:00:53]} Nbd7 {[%clk 01:30:01]} {[%emt 00:00:55]} 5. cxd5
{[%clk 01:29:56]} {[%emt 00:01:26]} exd5 {[%clk 01:30:10]} {[%emt 00:00:21]} 6.
Nxd5 {[%clk 01:28:42]} {[%emt 00:01:44]} Nxd5 {[%clk 01:30:21]} {[%emt
00:00:20]} 7. Bxd8 {[%clk 01:17:05]} {[%emt 00:12:06]} Bb4+ {[%clk 01:30:45]}
{[%emt 00:00:07]} 8. Qd2 {[%clk 01:17:31]} {[%emt 00:00:03]} Bxd2+ {[%emt
00:00:07]} 9. Kxd2 {[%clk 01:17:54]} {[%emt 00:00:07]} Kxd8 {[%clk 01:31:37]}
{[%emt 00:00:02]} 10. e4 {[%clk 01:16:01]} {[%emt 00:02:22]} N5b6 {[%clk
01:31:27]} {[%emt 00:00:41]} 11. Bd3 {[%clk 01:14:18]} {[%emt 00:02:12]} Nf6
{[%clk 01:29:42]} {[%emt 00:02:16]} 12. f3 {[%clk 01:14:20]} {[%emt 00:00:28]}
Ke7 {[%clk 01:28:38]} {[%emt 00:01:34]} 13. Ne2 {[%clk 01:12:21]} {[%emt
00:02:27]} h6 {[%clk 01:27:34]} {[%emt 00:01:36]} 14. Rhc1 {[%clk 01:09:29]}
{[%emt 00:03:21]} c6 {[%clk 01:27:41]} {[%emt 00:00:23]} 15. a4 {[%clk
01:03:12]} {[%emt 00:06:47]} a5 {[%clk 01:27:00]} {[%emt 00:01:12]} 16. Ng3
{[%clk 00:58:15]} {[%emt 00:05:25]} Rd8 {[%clk 01:27:08]} {[%emt 00:00:22]} 17.
Ke3 {[%clk 00:55:47]} {[%emt 00:02:58]} g5 {[%clk 01:26:30]} {[%emt 00:01:08]}
18. h3 {[%clk 00:53:08]} {[%emt 00:03:08]} h5 {[%clk 01:21:58]} {[%emt
00:05:04]} 19. Rc5 {[%clk 00:51:05]} {[%emt 00:02:33]} h4 {[%clk 01:15:08]}
{[%emt 00:07:20]} 20. Ne2 {[%clk 00:51:01]} {[%emt 00:00:33]} Rg8 {[%clk
01:14:43]} {[%emt 00:00:55]} 21. b3 {[%clk 00:50:00]} {[%emt 00:01:32]} Be6
{[%clk 01:11:21]} {[%emt 00:03:49]} 22. Rc3 {[%clk 00:49:27]} {[%emt 00:01:04]}
Nh5 {[%clk 01:04:36]} {[%emt 00:07:16]} 23. Rg1 {[%clk 00:46:40]} {[%emt
00:03:16]} Nd7 {[%clk 01:01:32]} {[%emt 00:03:36]} 24. Bc4 {[%clk 00:45:07]}
{[%emt 00:02:02]} Bxc4 {[%clk 01:01:36]} {[%emt 00:00:26]} 25. bxc4 {[%clk
00:43:56]} {[%emt 00:01:40]} Rab8 {[%clk 00:59:47]} {[%emt 00:02:20]} 26. Rb3
{[%clk 00:38:31]} {[%emt 00:05:51]} Ng7 {[%clk 00:56:53]} {[%emt 00:03:28]} 27.
Rgb1 {[%clk 00:29:05]} {[%emt 00:09:56]} b6 {[%clk 00:56:34]} {[%emt 00:00:49]}
28. Nc3 {[%clk 00:26:29]} {[%emt 00:03:06]} f5 {[%clk 00:55:36]} {[%emt
00:01:28]} 29. d5 {[%clk 00:19:49]} {[%emt 00:07:10]} Kd6 {[%clk 00:50:02]}
{[%emt 00:06:04]} 30. dxc6 {[%clk 00:18:51]} {[%emt 00:01:29]} Kxc6 {[%clk
00:50:27]} {[%emt 00:00:05]} 31. Nd5 {[%clk 00:18:32]} {[%emt 00:00:49]} Rge8
{[%clk 00:50:10]} {[%emt 00:00:46]} 32. Rb5 {[%clk 00:11:57]} {[%emt 00:07:03]}
fxe4 {[%emt 00:00:55]} 33. fxe4 {[%clk 00:11:07]} {[%emt 00:01:17]} Nf5+ {[%clk
00:49:59]} {[%emt 00:00:22]} 34. Kf2 {[%clk 00:09:58]} {[%emt 00:01:39]} Nd6
{[%clk 00:49:03]} {[%emt 00:01:22]} 0-1

[Event "DEM U12 2023"]
[Site "Willingen GER"]
[Date "2023.06.02"]
[Round "8"]
[White "Kateryniuk, Ivan"]
[Black "Sarian, David"]
[Result "0-1"]
[Termination "normal"]
[Board "22"]
[WhiteElo "1631"]
[BlackElo "1480"]
[WhiteClock "00:46:59"]
[BlackClock "01:17:21"]
[PlyCount "52"]
[WhiteFideId "34138943"]
[BlackFideId "34660275"]
[EventCountry "GER"]
[EventRounds "9"]
[EventType "swiss"]
[EventDate "2023.05.27"]

1. e4 {[%clk 01:30:56]} {[%emt 00:00:02]} e6 {[%clk 01:30:52]} {[%emt
00:00:08]} 2. d4 {[%clk 01:31:23]} {[%emt 00:00:03]} d5 {[%clk 01:31:19]}
{[%emt 00:00:04]} 3. exd5 {[%clk 01:31:45]} {[%emt 00:00:08]} exd5 {[%clk
01:31:45]} {[%emt 00:00:04]} 4. Bd3 {[%clk 01:32:04]} {[%emt 00:00:11]} Nc6
{[%clk 01:32:09]} {[%emt 00:00:05]} 5. c3 {[%clk 01:32:28]} {[%emt 00:00:06]}
Bd6 {[%clk 01:32:35]} {[%emt 00:00:04]} 6. Nf3 {[%clk 01:32:36]} {[%emt
00:00:22]} Nge7 {[%clk 01:33:00]} {[%emt 00:00:05]} 7. O-O {[%clk 01:32:55]}
{[%emt 00:00:11]} h6 {[%clk 01:33:11]} {[%emt 00:00:19]} 8. Re1 {[%clk
01:31:28]} {[%emt 00:01:58]} O-O {[%clk 01:33:33]} {[%emt 00:00:08]} 9. Ne5
{[%clk 01:31:31]} {[%emt 00:00:27]} Bxe5 {[%clk 01:33:39]} {[%emt 00:00:24]}
10. dxe5 {[%clk 01:31:53]} {[%emt 00:00:08]} Bf5 {[%clk 01:34:04]} {[%emt
00:00:05]} 11. Bxf5 {[%clk 01:30:54]} {[%emt 00:01:30]} Nxf5 {[%clk 01:33:12]}
{[%emt 00:01:22]} 12. Qg4 {[%clk 01:27:14]} {[%emt 00:04:08]} g6 {[%clk
01:31:28]} {[%emt 00:02:15]} 13. e6 {[%clk 01:24:24]} {[%emt 00:03:21]} Kg7
{[%clk 01:31:39]} {[%emt 00:00:18]} 14. Bf4 {[%clk 01:22:36]} {[%emt 00:02:19]}
Re8 {[%clk 01:31:34]} {[%emt 00:00:36]} 15. Na3 {[%clk 01:21:46]} {[%emt
00:01:19]} a6 {[%clk 01:30:52]} {[%emt 00:01:12]} 16. Nc2 {[%clk 01:16:35]}
{[%emt 00:05:41]} Rxe6 {[%clk 01:31:03]} {[%emt 00:00:18]} 17. Rxe6 {[%clk
01:14:54]} {[%emt 00:02:11]} fxe6 {[%clk 01:28:07]} {[%emt 00:03:26]} 18. Nd4
{[%clk 01:14:35]} {[%emt 00:00:49]} Ncxd4 {[%clk 01:26:26]} {[%emt 00:02:09]}
19. cxd4 {[%clk 01:14:48]} {[%emt 00:00:19]} c6 {[%clk 01:24:55]} {[%emt
00:02:01]} 20. Re1 {[%clk 01:13:18]} {[%emt 00:01:59]} Kf7 {[%clk 01:24:54]}
{[%emt 00:00:32]} 21. Qh3 {[%clk 01:11:18]} {[%emt 00:02:30]} Qa5 {[%clk
01:25:03]} {[%emt 00:00:22]} 22. Re5 {[%clk 01:07:37]} {[%emt 00:04:11]} Qa4
{[%clk 01:21:52]} {[%emt 00:03:41]} 23. g4 {[%clk 01:03:41]} {[%emt 00:04:25]}
Nxd4 {[%clk 01:20:12]} {[%emt 00:02:10]} 24. b3 {[%clk 01:00:46]} {[%emt
00:03:26]} Ne2+ {[%clk 01:17:57]} {[%emt 00:02:44]} 25. Kh1 {[%clk 00:47:03]}
{[%emt 00:14:12]} Nxf4 {[%clk 01:17:23]} {[%emt 00:01:05]} 26. Qxh6 {[%clk
00:46:59]} {[%emt 00:00:34]} Qd4 {[%clk 01:17:21]} {[%emt 00:00:32]} 0-1